Historia del sector financiero Colombiano en el siglo XX : (Registro nro. 11973)
[ vista simple ]
| 000 -LEADER | |
|---|---|
| fixed length control field | 01471nam a2200289Ia 4500 |
| 003 - CONTROL NUMBER IDENTIFIER | |
| control field | OSt |
| 005 - DATE AND TIME OF LATEST TRANSACTION | |
| control field | 20210721163256.0 |
| 008 - FIXED-LENGTH DATA ELEMENTS--GENERAL INFORMATION | |
| fixed length control field | 130821s2006 ck gr spa |
| 020 ## - INTERNATIONAL STANDARD BOOK NUMBER | |
| International Standard Book Number | 9580495521 |
| 040 ## - CATALOGING SOURCE | |
| Original cataloging agency | Co-BoUCM |
| Language of cataloging | spa |
| Transcribing agency | CO-JMCR |
| 041 0# - LANGUAGE CODE | |
| Language code of text/sound track or separate title | spa |
| 082 04 - DEWEY DECIMAL CLASSIFICATION NUMBER | |
| Classification number | 332.09861 / |
| Item number | U81h |
| Edition number | 23 |
| 100 1# - MAIN ENTRY--PERSONAL NAME | |
| Personal name | Urrutia Montoya, Miguel, |
| Relator term | autor |
| 9 (RLIN) | 38071 |
| 245 10 - TITLE STATEMENT | |
| Title | Historia del sector financiero Colombiano en el siglo XX : |
| Remainder of title | ensayos sobre su desarrollo y sus crisis / |
| Statement of responsibility, etc. | Miguel Urrutia Montoya, Carlos Caballero Argáez, |
| 260 ## - PUBLICATION, DISTRIBUTION, ETC. | |
| Place of publication, distribution, etc. | Bogotá, Colombia : |
| Name of publisher, distributor, etc. | Grupo Editorial Norma, |
| Date of publication, distribution, etc. | 2006. |
| 300 ## - PHYSICAL DESCRIPTION | |
| Extent | 177 páginas : |
| Other physical details | ilustraciones y gráficas en blanco y negro ; |
| Dimensions | 23 cm. |
| 490 0# - SERIES STATEMENT | |
| Series statement | Virtual |
| 501 ## - WITH NOTE | |
| With note | Con: bibliografía al final de pagina. |
| 505 0# - FORMATTED CONTENTS NOTE | |
| Formatted contents note | Desarrollo financiero y desarrollo económico en Colombia. -- Las crisis financieras del siglo XX. -- Cronología. |
| 520 0# - SUMMARY, ETC. | |
| Summary, etc. | Los ensayos recogidos en este libro, publicados para conmemorar los setenta años de la Asociación Bancaria de Colombia, se refieren tanto al desarrollo financiero y su vinculación con el desarrollo económico en Colombia como a describir sus crisis financieras a través del siglo xx. |
| 650 04 - SUBJECT ADDED ENTRY--TOPICAL TERM | |
| Topical term or geographic name entry element | Crisis financiera |
| Geographic subdivision | Colombia |
| 9 (RLIN) | 12166 |
| 650 04 - SUBJECT ADDED ENTRY--TOPICAL TERM | |
| Topical term or geographic name entry element | Desarrollo económico y social |
| 9 (RLIN) | 12959 |
| 650 04 - SUBJECT ADDED ENTRY--TOPICAL TERM | |
| Topical term or geographic name entry element | Desarrollo económico |
| General subdivision | Historia |
| 9 (RLIN) | 12956 |
| 650 04 - SUBJECT ADDED ENTRY--TOPICAL TERM | |
| Topical term or geographic name entry element | Sistema financiero |
| Geographic subdivision | Colombia |
| 9 (RLIN) | 8107 |
| 700 1# - ADDED ENTRY--PERSONAL NAME | |
| Personal name | Caballero Argáez, Carlos, |
| Relator term | autor |
| 9 (RLIN) | 2409 |
| 942 ## - ADDED ENTRY ELEMENTS (KOHA) | |
| Koha item type | Books |
| Source of classification or shelving scheme | Dewey Decimal Classification |
| Withdrawn status | Lost status | Source of classification or shelving scheme | Damaged status | Not for loan | Home library | Current library | Shelving location | Date acquired | Source of acquisition | Full call number | Barcode | Date last seen | Copy number | Price effective from | Koha item type | Total Checkouts |
|---|---|---|---|---|---|---|---|---|---|---|---|---|---|---|---|---|
| Dewey Decimal Classification | Biblioteca Pública José María del Castillo y Rada | Biblioteca Pública José María del Castillo y Rada | General Stacks | 04/15/2018 | Donación | 332.09861 / U81h | 430003162 | 05/16/2024 | Ej.1 | 03/10/2021 | Books | |||||
| Dewey Decimal Classification | Biblioteca Pública José María del Castillo y Rada | Biblioteca Pública José María del Castillo y Rada | General Stacks | 04/15/2018 | Donación | 332.09861 / U81h | 430000059 | 05/16/2024 | Ej.2 | 03/10/2021 | Books |